Statistics for 80's and 90's Video Games

Click here to take the quiz!

General Stats

  • This quiz has been taken 95 times
  • The average score is 5 of 15

Answer Stats

HintAnswer% Correct
Speedy PorcupineSonic the Hedgehog
74%
Bird ShooterDuck Hunt
67%
Fighting frogsBattletoads
66%
Konami Code originsContra
57%
Plumber UniverseSuper Mario World
34%
Interesting MotorcycleExcitebike
33%
The dyslexic Sir TetTetris
33%
Plumber role playSuper Mario RPG
26%
Angry pocket monstersPokemon Red
21%
School accessory boyPac-man
17%
Important BoyMega Man
13%
Heading to our planetEarthbound
12%
Vacuum's sleep worldKirby's dream land
12%
Two mythical creaturesDouble Dragon
8%
Connector's RisingLink's Awakening
3%

Score Distribution

Percentile by Number Answered

Percent of People with Each Score

Your Score History

You have not taken this quiz